Score 0/12 Timer 01:30
1 Play Today
Hint 4-Letter Word % Correct
Parasitic insects found in hairLICE
98.5%
Clock frontFACE
97.1%
Veil materialLACE
95.8%
Money, dough, etc.CASH
94.3%
Indisputable truthFACT
94.1%
Mascara's targetLASH
93.8%
FinalLAST
91.9%
A job for a lawyerCASE
91%
It often follows candy or sugarCANE
89.8%
🦅 [Rung 1] in the _____ [Rung 12] 🦅🦅 FAST 🦅
83.7%
🦅 [Rung 1] in the [Rung 6] _____ 🦅🦅 LANE 🦅
78.3%
🦅 _____ in the [Rung 6] [Rung 12] 🦅🦅 LIFE 🦅
75.4%

Today's Daily Dose

Remove Ads.
Support Sporcle.
Get the best of Sporcle when you Go Orange. This ad-free experience offers more features, more stats, and more fun while also helping to support Sporcle. Thank you for becoming a member.

You're not logged in!

Compare scores with friends on all Sporcle quizzes.
OR
Log In

Show Comments

Extras

Top Quizzes Today


Score Distribution

Your Account Isn't Verified!

In order to create a playlist on Sporcle, you need to verify the email address you used during registration. Go to your Sporcle Settings to finish the process.

Report this User

Report this user for behavior that violates our Community Guidelines.

Details: